[Event "Asia-ch"]
[Site "Al Ain"]
[Date "2025.05.11"]
[Round "5"]
[White "Prathamesh, Sunil Mokal"]
[Black "Zhu, Hengyi"]
[Result "1/2-1/2"]
[WhiteElo "2351"]
[BlackElo "2385"]
[PlyCount "29"]
[EventDate "2025.05.07"]
[EventType "swiss"]
[EventRounds "9"]
[EventCountry "UAE"]
[SourceTitle "CB21_2025"]
[SourceDate "2025.05.21"]
[SourceVersion "1"]
[SourceVersionDate "2025.05.21"]
[SourceQuality "1"]

1. d4 Nf6 2. c4 e6 3. g3 d5 4. Nf3 Be7 5. Bg2 0-0 6. 0-0 dxc4 7. Qc2 a6 8. a4 Bd7 9. Qxc4 Bc6 10. Bf4 Bd6 11. Qc1 Nbd7 12. Nc3 Qe7 13. Rd1 Rfd8 14. Qc2 Rac8 15. Rac1 1/2-1/2

[Event "Asia-ch"]
[Site "Al Ain"]
[Date "2025.05.10"]
[Round "4"]
[White "Schain, Randolph"]
[Black "Prathamesh, Sunil Mokal"]
[Result "0-1"]
[WhiteElo "2080"]
[BlackElo "2351"]
[PlyCount "82"]
[EventDate "2025.05.07"]
[EventType "swiss"]
[EventRounds "9"]
[EventCountry "UAE"]
[SourceTitle "CB21_2025"]
[SourceDate "2025.05.21"]
[SourceVersion "1"]
[SourceVersionDate "2025.05.21"]
[SourceQuality "1"]

1. b3 e5 2. Bb2 Nc6 3. e3 d5 4. c4 d4 5. exd4 exd4 6. d3 Nf6 7. Nf3 Bc5 8. Be2 0-0 9. 0-0 Re8 10. Nbd2 h6 11. a3 a5 12. Re1 Bf5 13. Nf1 g5 14. Qd2 Nd7 15. Ng3 Bg6 16. h3 Nf8 17. Bf1 Ne6 18. Ne5 Nxe5 19. Rxe5 Qd6 20. Ree1 Qb6 21. Rab1 Bf8 22. Ne4 Bg7 23. Qc2 c5 24. Bc1 f5 25. Ng3 Qd6 26. Bd2 Be5 27. Ne2 f4 28. b4 cxb4 29. axb4 a4 30. Ra1 b5 31. cxb5 Rec8 32. Qb1 Be8 33. Ra3 Bxb5 34. Rc1 Qd5 35. Rxc8+ Rxc8 36. Nc1 f3 37. Qa2 Qxa2 38. Rxa2 Bf4 39. Bxf4 Nxf4 40. Ra1 fxg2 41. Bxg2 Rxc1+ 0-1

[Event "Asia-ch"]
[Site "Al Ain"]
[Date "2025.05.09"]
[Round "3"]
[White "Prathamesh, Sunil Mokal"]
[Black "Narayanan, Sunilduth Lyna"]
[Result "0-1"]
[WhiteElo "2351"]
[BlackElo "2598"]
[PlyCount "52"]
[EventDate "2025.05.07"]
[EventType "swiss"]
[EventRounds "9"]
[EventCountry "UAE"]
[SourceTitle "CB21_2025"]
[SourceDate "2025.05.21"]
[SourceVersion "1"]
[SourceVersionDate "2025.05.21"]
[SourceQuality "1"]

1. d4 Nf6 2. c4 e6 3. g3 c5 4. d5 exd5 5. cxd5 d6 6. Nc3 g6 7. Bg2 Bg7 8. Nf3 0-0 9. 0-0 Re8 10. Bf4 h6 11. Qc1 g5 12. Bd2 Bf5 13. h4 g4 14. Ne1 Kh7 15. Nc2 Nbd7 16. Ne3 Bg6 17. h5 Nxh5 18. Nxg4 f5 19. Nxh6 f4 20. g4 Bxh6 21. gxh5 Bf5 22. f3 Qh4 23. Rf2 Rg8 24. e4 Bh3 25. Be1 Bxg2 26. Rxg2 Qh3 0-1

[Event "Abu Dhabi op 29th"]
[Site "Abu Dhabi"]
[Date "2023.08.23"]
[Round "8"]
[White "Prathamesh, Sunil Mokal"]
[Black "Raetsky, Alexander"]
[Result "1/2-1/2"]
[WhiteElo "2371"]
[BlackElo "2332"]
[PlyCount "96"]
[EventDate "2023.08.16"]
[EventType "swiss"]
[EventRounds "9"]
[EventCountry "UAE"]
[SourceTitle "CBM 216 Extra"]
[Source "ChessBase"]
[SourceDate "2023.11.30"]
[SourceVersion "1"]
[SourceVersionDate "2023.11.30"]
[SourceQuality "1"]

1. c4 e5 2. g3 c6 3. Nf3 e4 4. Nd4 d5 5. cxd5 Qxd5 6. Nc2 Nf6 7. Nc3 Qe5 8. Bg2 Na6 9. 0-0 Be7 10. d4 exd3 11. Qxd3 Qh5 12. Rd1 0-0 13. Qe3 Re8 14. Qg5 Qxg5 15. Bxg5 h6 16. Bf4 Bd7 17. a3 Red8 18. b4 Be8 19. Nd4 Rac8 20. Nf5 Bf8 21. Nd6 Bxd6 22. Bxd6 Nc7 23. Bh3 Ne6 24. e4 Ra8 25. e5 Nd5 26. Nxd5 cxd5 27. Bg2 Bc6 28. Bxd5 Bxd5 29. Rxd5 Rac8 30. Rad1 g5 31. h3 Kg7 32. Ra5 a6 33. b5 Rc5 34. Rb1 Rxb5 35. Raxb5 axb5 36. Rxb5 Rd7 37. Rb6 h5 38. Kg2 Nd4 39. Bb4 Nc6 40. Bc3 Kg6 41. a4 Kf5 42. Rb5 Ke6 43. a5 g4 44. hxg4 hxg4 45. Bb2 Rd5 46. Rxb7 Rxa5 47. Rb6 Kd5 48. Rb7 Ke6 1/2-1/2

[Event "Al Ain op 4th"]
[Site "Al Ain"]
[Date "2015.12.30"]
[Round "9"]
[White "Asadli, Vugar Afgan Oglu"]
[Black "Prathamesh, Sunil Mokal"]
[Result "1-0"]
[WhiteElo "2323"]
[BlackElo "2393"]
[PlyCount "119"]
[EventDate "2015.12.23"]
[EventType "swiss"]
[EventRounds "9"]
[EventCountry "UAE"]
[SourceTitle "CBM 170 Extra"]
[Source "ChessBase"]
[SourceDate "2016.02.25"]
[SourceVersion "1"]
[SourceVersionDate "2016.02.25"]
[SourceQuality "1"]

1. e4 c5 2. c3 Nf6 3. e5 Nd5 4. d4 cxd4 5. Qxd4 e6 6. Nf3 Nc6 7. Qe4 f5 8. Qe2 Qc7 9. g3 b5 10. Bg2 Be7 11. 0-0 a5 12. Rd1 0-0 13. Bg5 Rb8 14. Bxe7 Ncxe7 15. Nd4 Qb6 16. Nd2 Ba6 17. N2f3 Rbc8 18. Bf1 Nc7 19. Rac1 Rb8 20. h4 Bb7 21. Bg2 Bd5 22. b3 Ba8 23. h5 h6 24. c4 bxc4 25. bxc4 Na6 26. Nb5 Nc5 27. Rd6 Qd8 28. Rcd1 Nc8 29. R6d4 Nb6 30. Nh4 f4 31. Bxa8 Rxa8 32. Ng6 fxg3 33. f4 Rb8 34. Nd6 Nc8 35. Nxf8 Qxf8 36. Ne4 Nb6 37. Nxg3 Nba4 38. R1d2 Rb1+ 39. Kh2 Qe7 40. Qg4 Nc3 41. Rg2 Ra1 42. Rdd2 Re1 43. Rb2 Qf8 44. Ne4 N3xe4 45. Rb8 Rh1+ 46. Kxh1 Nf2+ 47. Kg1 Nxg4 48. Rxf8+ Kxf8 49. Rxg4 Nd3 50. Rg3 Nc5 51. Kf1 Kf7 52. Ke2 Nb7 53. Kd3 Nc5+ 54. Kd4 Nb7 55. Rb3 Nd8 56. Kc5 g6 57. hxg6+ Kxg6 58. Kd6 Kf5 59. Kxd7 Nf7 60. Rf3 1-0

[Event "Al Ain op 4th"]
[Site "Al Ain"]
[Date "2015.12.28"]
[Round "7"]
[White "Mohannad, Farhan"]
[Black "Prathamesh, Sunil Mokal"]
[Result "1/2-1/2"]
[WhiteElo "2253"]
[BlackElo "2393"]
[PlyCount "80"]
[EventDate "2015.12.23"]
[EventType "swiss"]
[EventRounds "9"]
[EventCountry "UAE"]
[SourceTitle "CBM 170 Extra"]
[Source "ChessBase"]
[SourceDate "2016.02.25"]
[SourceVersion "1"]
[SourceVersionDate "2016.02.25"]
[SourceQuality "1"]

1. e4 c5 2. c3 Nf6 3. e5 Nd5 4. d4 cxd4 5. cxd4 e6 6. Nf3 d6 7. Bc4 Nc6 8. Bd2 Be7 9. Nc3 Nxc3 10. Bxc3 d5 11. Bd3 a6 12. h4 b5 13. a3 h6 14. Rh3 Qb6 15. Rg3 Bf8 16. Qe2 Rb8 17. Kf1 a5 18. b4 axb4 19. axb4 Bxb4 20. Bxb4 Nxb4 21. Rxg7 Nxd3 22. Qxd3 b4 23. Kg1 b3 24. Nd2 b2 25. Rb1 Bd7 26. Qc3 Qb4 27. Rg3 Ba4 28. Nb3 Qxc3 29. Rxc3 Rxb3 30. Rxb3 Bxb3 31. Rxb2 0-0 32. Rxb3 Ra8 33. Rg3+ Kf8 34. Rf3 Ra4 35. Rf4 Kg7 36. Kh2 Ra3 37. Rg4+ Kf8 38. Rg3 Ra2 39. Rf3 Rd2 40. Rf4 Rd3 1/2-1/2

[Event "Al Ain op 4th"]
[Site "Al Ain"]
[Date "2015.12.26"]
[Round "4"]
[White "Prathamesh, Sunil Mokal"]
[Black "Sindarov, Javokhir"]
[Result "0-1"]
[WhiteElo "2393"]
[BlackElo "2224"]
[PlyCount "78"]
[EventDate "2015.12.23"]
[EventType "swiss"]
[EventRounds "9"]
[EventCountry "UAE"]
[SourceTitle "CBM 170 Extra"]
[Source "ChessBase"]
[SourceDate "2016.02.25"]
[SourceVersion "1"]
[SourceVersionDate "2016.02.25"]
[SourceQuality "1"]

1. e4 e5 2. Nf3 Nc6 3. Bb5 a6 4. Ba4 g6 5. d4 exd4 6. c3 Nge7 7. cxd4 b5 8. Bc2 d5 9. exd5 Nxd5 10. 0-0 Bg7 11. Nc3 0-0 12. Bg5 Nxc3 13. bxc3 Qd7 14. Be4 Rb8 15. Qc1 Bb7 16. Re1 Rfe8 17. Qa3 Nxd4 18. Bxb7 Nc2 19. Qxa6 Nxe1 20. Nd4 Bxd4 21. cxd4 Nc2 22. Rf1 Nb4 23. Qa5 Rxb7 24. Qxb4 Rb6 25. Bf4 Rbe6 26. Be5 f6 27. Bf4 Re4 28. Be3 f5 29. Qb3+ Kg7 30. Bd2 h6 31. Bb4 c6 32. h3 Kh7 33. Bc5 Re1 34. Rxe1 Rxe1+ 35. Kh2 Qc7+ 36. g3 f4 37. Qc2 fxg3+ 38. fxg3 Qf7 39. Bb4 Rf1 0-1

[Event "Al Ain op 4th"]
[Site "Al Ain"]
[Date "2015.12.23"]
[Round "1"]
[White "Wang, Hao"]
[Black "Prathamesh, Sunil Mokal"]
[Result "1-0"]
[WhiteElo "2707"]
[BlackElo "2393"]
[PlyCount "55"]
[EventDate "2015.12.23"]
[EventType "swiss"]
[EventRounds "9"]
[EventCountry "UAE"]
[SourceTitle "CBM 170 Extra"]
[Source "ChessBase"]
[SourceDate "2016.02.25"]
[SourceVersion "1"]
[SourceVersionDate "2016.02.25"]
[SourceQuality "1"]

1. d4 d5 2. c4 c6 3. Nf3 Nf6 4. Nc3 dxc4 5. a4 Bf5 6. Ne5 Nbd7 7. Nxc4 Qc7 8. g3 e5 9. dxe5 Nxe5 10. Bf4 Nfd7 11. Bg2 g5 12. Ne3 gxf4 13. Nxf5 0-0-0 14. Qc2 Nc5 15. 0-0 a5 16. gxf4 Nc4 17. Rfd1 Rg8 18. Rxd8+ Qxd8 19. Ng3 Qf6 20. Rd1 h5 21. b3 Na3 22. Qd2 Qe7 23. Nb5 Nxb3 24. Bh3+ Rg4 25. Qd3 cxb5 26. Qxb3 Kb8 27. Bxg4 hxg4 28. axb5 1-0

[Event "Maharashtra-chT"]
[Site "Pune"]
[Date "2013.04.24"]
[Round "1.5"]
[White "Prathamesh, Sunil Mokal"]
[Black "Lalith, Babu MR"]
[Result "0-1"]
[WhiteElo "2389"]
[BlackElo "2565"]
[PlyCount "72"]
[EventDate "2013.04.24"]
[EventType "team-tourn"]
[EventRounds "5"]
[EventCountry "IND"]
[SourceTitle "CBM 154 Extra"]
[Source "ChessBase"]
[SourceDate "2013.06.25"]
[SourceVersion "2"]
[SourceVersionDate "2013.06.25"]
[SourceQuality "1"]
[WhiteTeam "Thane Combatants"]
[BlackTeam "Pune Attackers"]
[WhiteTeamCountry "IND"]
[BlackTeamCountry "IND"]

1. e4 g6 2. d4 Bg7 3. Nc3 c6 4. Nf3 d6 5. Be3 Nf6 6. h3 0-0 7. Bd3 Qc7 8. 0-0 Nbd7 9. Qd2 b5 10. a4 b4 11. Ne2 c5 12. dxc5 Nxc5 13. Ng3 a5 14. Bh6 b3 15. Bxg7 Kxg7 16. Nd4 bxc2 17. Bxc2 Rb8 18. Nb5 Qb6 19. Rfe1 Rd8 20. b4 axb4 21. Qxb4 e5 22. Qc3 Be6 23. Reb1 Rbc8 24. a5 Qa6 25. Qe3 h6 26. Bd1 Bc4 27. Be2 Bxe2 28. Qxe2 Ne6 29. Ra4 Rc5 30. Na3 Qc6 31. Qd1 Nd4 32. a6 Ra8 33. a7 Qc7 34. Rxd4 exd4 35. Qxd4 Qxa7 36. Nb5 Rxb5 0-1

[Event "Dubai op 15th"]
[Site "Dubai"]
[Date "2013.04.13"]
[Round "7"]
[White "Adhiban, Baskaran"]
[Black "Prathamesh, Sunil Mokal"]
[Result "1-0"]
[WhiteElo "2555"]
[BlackElo "2389"]
[PlyCount "121"]
[EventDate "2013.04.07"]
[EventType "swiss"]
[EventRounds "9"]
[EventCountry "UAE"]
[SourceTitle "CBM 153 Extra"]
[Source "ChessBase"]
[SourceDate "2013.04.22"]
[SourceVersion "1"]
[SourceVersionDate "2013.04.22"]
[SourceQuality "1"]

1. d4 Nf6 2. c4 e6 3. Nf3 c5 4. g3 cxd4 5. Nxd4 Nc6 6. Nc3 Qb6 7. Ndb5 Ne5 8. Bg2 a6 9. Na3 Bxa3 10. bxa3 Nxc4 11. 0-0 0-0 12. Bg5 Qd8 13. Ne4 d5 14. Nxf6+ gxf6 15. Bh6 Re8 16. e4 e5 17. Rc1 b5 18. exd5 f5 19. Qh5 Qd6 20. Rfd1 Bd7 21. Qh4 f6 22. Bh3 Kh8 23. Qh5 Rg8 24. Bxf5 Bxf5 25. Qxf5 Rg6 26. Be3 Qxa3 27. d6 Nxd6 28. Qf3 Rag8 29. Rc7 Ne8 30. Rxh7+ Kxh7 31. Qh5+ Kg7 32. Rd7+ Kf8 33. Bh6+ R8g7 34. Qxg6 Qc1+ 35. Bxc1 Rxg6 36. Be3 Rg4 37. h4 Rc4 38. h5 Rc7 39. Rd8 Rh7 40. h6 Kf7 41. Kg2 Nc7 42. Kf3 Ke7 43. Rc8 Ke6 44. g4 Nd5 45. Rc6+ Kf7 46. Bd2 Nf4 47. Bxf4 exf4 48. Kxf4 Rxh6 49. Kf5 Rh3 50. Rxf6+ Kg7 51. f4 Ra3 52. Rb6 Rxa2 53. Rb7+ Kf8 54. Kf6 Ke8 55. g5 Rc2 56. Rb6 a5 57. g6 b4 58. g7 Rg2 59. g8Q+ Rxg8 60. Rb8+ Kd7 61. Rxg8 1-0

[Event "Commonwealth-ch RSA op"]
[Site "Gauteng"]
[Date "2011.06.26"]
[Round "3"]
[White "Gumpo, Thabo"]
[Black "Prathamesh, Sunil Mokal"]
[Result "0-1"]
[WhiteElo "1944"]
[BlackElo "2405"]
[PlyCount "44"]
[EventDate "2011.06.25"]
[EventType "swiss"]
[EventRounds "11"]
[EventCountry "RSA"]
[SourceTitle "CBM 143 Extra"]
[Source "ChessBase"]
[SourceDate "2011.08.29"]
[SourceVersion "1"]
[SourceVersionDate "2011.08.29"]
[SourceQuality "1"]

1. e4 c5 2. Nf3 e6 3. d3 Nc6 4. Nbd2 d6 5. g3 g6 6. Bg2 Bg7 7. 0-0 Nge7 8. c3 0-0 9. h4 h6 10. Re1 e5 11. Nf1 f5 12. exf5 Bxf5 13. Ne3 Be6 14. a4 Qd7 15. Kh2 Rf7 16. Re2 Raf8 17. Qh1 d5 18. Kg1 d4 19. cxd4 Rxf3 20. d5 Nd4 21. dxe6 Nxe2+ 22. Kh2 Qc6 0-1

[Event "Commonwealth-ch RSA op"]
[Site "Gauteng"]
[Date "2011.06.24"]
[Round "7"]
[White "Phiri, Richmond"]
[Black "Prathamesh, Sunil Mokal"]
[Result "0-1"]
[WhiteElo "2166"]
[BlackElo "2405"]
[PlyCount "74"]
[EventDate "2011.06.25"]
[EventType "swiss"]
[EventRounds "11"]
[EventCountry "RSA"]
[SourceTitle "CBM 143 Extra"]
[Source "ChessBase"]
[SourceDate "2011.08.29"]
[SourceVersion "1"]
[SourceVersionDate "2011.08.29"]
[SourceQuality "1"]

1. d4 Nf6 2. Nf3 e6 3. g3 c5 4. Bg2 cxd4 5. 0-0 Nc6 6. Nxd4 Qb6 7. Nxc6 bxc6 8. c4 Ba6 9. Qc2 Rb8 10. b3 d5 11. Bf4 Rc8 12. Nd2 Bc5 13. Rab1 Ng4 14. e3 Bb4 15. h3 Nf6 16. a3 Be7 17. b4 0-0 18. c5 Qb7 19. Rfe1 Nd7 20. e4 Rfe8 21. exd5 exd5 22. a4 Qa8 23. Qf5 Nf8 24. Be5 Ne6 25. h4 Rcd8 26. Qg4 Bc8 27. Qf3 a5 28. Nb3 axb4 29. Rbc1 Qxa4 30. Bf1 Qa7 31. Bd3 Bf8 32. h5 f6 33. Bb2 Ng5 34. Qh1 Qa2 35. f4 Nh3+ 36. Kf1 Qxb2 37. Qf3 Bg4 0-1

[Event "Dubai op 13th"]
[Site "Dubai"]
[Date "2011.04.12"]
[Round "3"]
[White "Kowsarinia, Amir"]
[Black "Prathamesh, Sunil Mokal"]
[Result "0-1"]
[WhiteElo "2168"]
[BlackElo "2405"]
[PlyCount "76"]
[EventDate "2011.04.10"]
[EventType "swiss"]
[EventRounds "9"]
[EventCountry "UAE"]
[SourceTitle "CBM 141 Extra"]
[Source "ChessBase"]
[SourceDate "2011.05.03"]
[SourceVersion "1"]
[SourceVersionDate "2011.05.03"]
[SourceQuality "1"]

1. d4 Nf6 2. c4 c5 3. d5 e6 4. Nc3 exd5 5. cxd5 d6 6. e4 g6 7. h3 Bg7 8. Nf3 0-0 9. Bd3 a6 10. a4 Nbd7 11. 0-0 Nh5 12. Bg5 Bf6 13. Be3 Ng7 14. Nd2 Ne5 15. Be2 g5 16. f4 gxf4 17. Bxf4 Ng6 18. Bh2 Bd4+ 19. Kh1 Ne5 20. Nf3 Nxf3 21. Rxf3 f5 22. Qf1 Rf6 23. Bd3 Qf8 24. Qe2 f4 25. Raf1 Nh5 26. Qd2 Be3 27. Qd1 Qh6 28. e5 dxe5 29. Ne4 Rg6 30. d6 Bd4 31. Qb3+ Be6 32. Qxb7 Rf8 33. Qxa6 Kh8 34. Qa5 Rfg8 35. Qd2 Rxg2 36. Qxg2 Rxg2 37. Kxg2 Ng3 38. Nxg3 Qxh3+ 0-1

[Event "IND-ch 48th"]
[Site "New Delhi"]
[Date "2010.12.22"]
[Round "13"]
[White "Laxman, Rajaram"]
[Black "Prathamesh, Sunil Mokal"]
[Result "1/2-1/2"]
[WhiteElo "2479"]
[BlackElo "2408"]
[PlyCount "80"]
[EventDate "2010.12.09"]
[EventType "swiss"]
[EventRounds "13"]
[EventCountry "IND"]
[SourceTitle "CBM 139 Extra"]
[Source "ChessBase"]
[SourceDate "2011.01.05"]
[SourceVersion "1"]
[SourceVersionDate "2011.01.05"]
[SourceQuality "1"]

1. Nf3 c5 2. c4 Nc6 3. Nc3 e5 4. e3 Nf6 5. Be2 Be7 6. d4 exd4 7. exd4 d5 8. 0-0 0-0 9. Be3 cxd4 10. Nxd4 Nxd4 11. Qxd4 dxc4 12. Qxc4 Be6 13. Qb5 Qc7 14. Rac1 a6 15. Qb6 Qxb6 16. Bxb6 Nd7 17. Be3 b5 18. Bf3 Rac8 19. Bb7 Rb8 20. Bd5 Bf5 21. Bf4 Rbd8 22. Be4 Bxe4 23. Nxe4 Nf6 24. Bg5 Rfe8 25. Bxf6 Bxf6 26. Nxf6+ gxf6 27. Rc2 f5 28. f3 f4 29. Kf2 Kg7 30. Re1 Rxe1 31. Kxe1 Rd6 32. Re2 Rh6 33. Re4 Rxh2 34. Kf2 Rh1 35. Rxf4 Rb1 36. Rb4 Kg6 37. Ke3 h5 38. Kf4 f6 39. g3 Rc1 40. Rb3 Rc2 1/2-1/2

[Event "IND-ch 48th"]
[Site "New Delhi"]
[Date "2010.12.19"]
[Round "10"]
[White "Thejkumar, MS."]
[Black "Prathamesh, Sunil Mokal"]
[Result "1-0"]
[WhiteElo "2448"]
[BlackElo "2408"]
[PlyCount "187"]
[EventDate "2010.12.09"]
[EventType "swiss"]
[EventRounds "13"]
[EventCountry "IND"]
[SourceTitle "CBM 139 Extra"]
[Source "ChessBase"]
[SourceDate "2011.01.05"]
[SourceVersion "1"]
[SourceVersionDate "2011.01.05"]
[SourceQuality "1"]

1. d4 Nf6 2. Nf3 e6 3. c4 b6 4. g3 Ba6 5. Qc2 Bb4+ 6. Bd2 Be7 7. e4 d5 8. cxd5 Bxf1 9. Kxf1 exd5 10. e5 Ne4 11. Nc3 Nxd2+ 12. Qxd2 Nc6 13. Qe2 Qd7 14. Kg2 a6 15. Rac1 Nd8 16. Nd1 Ne6 17. Ne3 Kd8 18. Qc2 Kc8 19. Qb3 Rd8 20. Qxb6 Qb5 21. Qc6 Rb8 22. Qxb5 axb5 23. Rc2 Ra8 24. b3 Kb7 25. h4 h6 26. Rd1 Ra6 27. Ng1 c6 28. Ne2 Rda8 29. Nc3 Ra3 30. Nf5 Bb4 31. Rd3 R8a6 32. h5 Ra7 33. f4 Kb6 34. Kh3 Bf8 35. Rd1 b4 36. Na4+ R7xa4 37. bxa4 Nxf4+ 38. Kg4 Ne6 39. Rdc1 Nd8 40. Re1 Rxa4 41. Rf2 c5 42. dxc5+ Bxc5 43. Rb2 Ne6 44. Kh3 d4 45. Rc1 Kc6 46. Ne7+ Kb5 47. Nd5 Ra3 48. Kg4 d3 49. Rc3 Rxc3 50. Nxc3+ Kc4 51. Ne4 Bd4 52. Rb1 Bxe5 53. Rc1+ Bc3 54. Kf3 Nd4+ 55. Kf2 Nc2 56. Rd1 Bd4+ 57. Kf3 Be5 58. g4 Bc3 59. Nd6+ Kc5 60. Nf5 d2 61. Ne3 Nd4+ 62. Ke4 Nb5 63. Nf1 Nd6+ 64. Kf3 Nc4 65. Ne3 Nb2 66. Rf1 Nd3 67. Ke2 Ne5 68. Rf5 f6 69. Nf1 Kd4 70. Rf4+ Kc5 71. Nxd2 Kb5 72. Ne4 Bb2 73. Kd1 Ka4 74. Kc2 Ka3 75. Nd2 Bc3 76. Nc4+ Kxa2 77. Nxe5 fxe5 78. Rf7 Bd4 79. Rb7 Ka3 80. Rxg7 b3+ 81. Kd3 Ka2 82. Rb7 Bb2 83. Kc4 Bc1 84. Rxb3 Bf4 85. Rf3 Kb1 86. Kd3 Bg5 87. Ke4 Kc2 88. Kxe5 Kd2 89. Rf5 Be3 90. g5 hxg5 91. h6 g4 92. h7 Kc3 93. Ke4 Bd4 94. Rf8 1-0

[Event "IND-ch 48th"]
[Site "New Delhi"]
[Date "2010.12.18"]
[Round "9"]
[White "Prathamesh, Sunil Mokal"]
[Black "Saptarshi, Roy Chowdhury"]
[Result "1-0"]
[WhiteElo "2408"]
[BlackElo "2382"]
[PlyCount "69"]
[EventDate "2010.12.09"]
[EventType "swiss"]
[EventRounds "13"]
[EventCountry "IND"]
[SourceTitle "CBM 139 Extra"]
[Source "ChessBase"]
[SourceDate "2011.01.05"]
[SourceVersion "1"]
[SourceVersionDate "2011.01.05"]
[SourceQuality "1"]

1. e4 e5 2. Nf3 Nf6 3. Nxe5 d6 4. Nf3 Nxe4 5. d4 d5 6. Bd3 Nc6 7. 0-0 Be7 8. c4 Nb4 9. Be2 0-0 10. Nc3 Bf5 11. a3 Nxc3 12. bxc3 Nc6 13. cxd5 Qxd5 14. Re1 Rfe8 15. Bf4 Rac8 16. Bd3 Qd7 17. Rb1 b6 18. d5 Bxd3 19. Qxd3 Na5 20. Ne5 Qa4 21. Qf5 Bf6 22. Rb4 Qxa3 23. Rbe4 Qxc3 24. R4e3 Qb4 25. h4 Bxe5 26. Bxe5 f6 27. Bc3 Qf8 28. Bb4 Rxe3 29. Rxe3 c5 30. dxc6 Qd8 31. Qe6+ Kh8 32. c7 Qg8 33. Qd7 Nc4 34. Rd3 Ra8 35. Qd8 1-0

[Event "IND-ch 48th"]
[Site "New Delhi"]
[Date "2010.12.14"]
[Round "6"]
[White "Vishnu, Prasanna V"]
[Black "Prathamesh, Sunil Mokal"]
[Result "0-1"]
[WhiteElo "2406"]
[BlackElo "2408"]
[PlyCount "122"]
[EventDate "2010.12.09"]
[EventType "swiss"]
[EventRounds "13"]
[EventCountry "IND"]
[SourceTitle "CBM 139 Extra"]
[Source "ChessBase"]
[SourceDate "2011.01.05"]
[SourceVersion "1"]
[SourceVersionDate "2011.01.05"]
[SourceQuality "1"]

1. e4 c5 2. Nf3 e6 3. d4 cxd4 4. Nxd4 a6 5. Be2 b5 6. a4 b4 7. 0-0 Bb7 8. Nd2 Qc7 9. Re1 Ne7 10. Nc4 Nec6 11. e5 Na5 12. Nxa5 Qxa5 13. Bf3 Nc6 14. Nxc6 Bxc6 15. Bxc6 dxc6 16. Qg4 0-0-0 17. Be3 Rd5 18. c4 Rxe5 19. Qd4 Qc7 20. Bf4 Rxe1+ 21. Rxe1 c5 22. Qe4 Qb7 23. Qe5 Rg8 24. Be3 Qc6 25. Bf4 Qb7 26. Be3 Qc6 27. Qh5 Qe8 28. Qxh7 Bd6 29. Rd1 Kc7 30. g3 g6 31. b3 Rh8 32. Qg7 Rh5 33. Qb2 Qe7 34. Qe2 Rh8 35. Qg4 Rh5 36. h4 Rf5 37. Qe4 Qe8 38. Kg2 Re5 39. Qf3 Rf5 40. Qe4 Re5 41. Qd3 Qc6+ 42. Kg1 Rh5 43. Bf4 e5 44. Bg5 Rh8 45. Qe3 Re8 46. Rd5 Re6 47. Qf3 Qe8 48. Be3 Qe7 49. h5 gxh5 50. Qxh5 Qf8 51. Qf5 Qe7 52. Kg2 Rf6 53. Qg5 Kb7 54. Qh4 Qe6 55. Kg1 Qf5 56. Rd1 Qf3 57. Rd2 e4 58. Qh3 Bxg3 59. Qxg3 Rg6 60. Rd7+ Kc8 61. Rc7+ Kb8 0-1

[Event "IND-ch 48th"]
[Site "New Delhi"]
[Date "2010.12.12"]
[Round "4"]
[White "Thakur, Akash"]
[Black "Prathamesh, Sunil Mokal"]
[Result "1/2-1/2"]
[WhiteElo "2358"]
[BlackElo "2408"]
[PlyCount "50"]
[EventDate "2010.12.09"]
[EventType "swiss"]
[EventRounds "13"]
[EventCountry "IND"]
[SourceTitle "CBM 139 Extra"]
[Source "ChessBase"]
[SourceDate "2011.01.05"]
[SourceVersion "1"]
[SourceVersionDate "2011.01.05"]
[SourceQuality "1"]

1. d4 Nf6 2. Nf3 e6 3. e3 c5 4. c4 d5 5. Nc3 a6 6. dxc5 Bxc5 7. a3 Nc6 8. b4 Ba7 9. Bb2 0-0 10. Rc1 dxc4 11. Bxc4 Qxd1+ 12. Kxd1 b5 13. Bb3 Bb7 14. Ke2 Rfd8 15. Rhd1 Rac8 16. Rxd8+ Rxd8 17. Rd1 Rxd1 18. Kxd1 Kf8 19. Ke2 Ke7 20. Nd2 Nb8 21. Nf3 Nc6 22. Nd2 Nb8 23. f3 Nbd7 24. Bc2 Bb8 25. g3 Ba7 1/2-1/2

[Event "IND-chB 48th"]
[Site "Bhiwani"]
[Date "2010.09.26"]
[Round "13"]
[White "Sangma, Rahul"]
[Black "Prathamesh, Sunil Mokal"]
[Result "1/2-1/2"]
[WhiteElo "2397"]
[BlackElo "2408"]
[PlyCount "50"]
[EventDate "2010.09.16"]
[EventType "swiss"]
[EventRounds "13"]
[EventCountry "IND"]
[SourceTitle "CBM 138 Extra"]
[Source "ChessBase"]
[SourceDate "2010.10.29"]
[SourceVersion "1"]
[SourceVersionDate "2010.10.29"]
[SourceQuality "1"]

1. d4 Nf6 2. c4 e6 3. Nf3 b6 4. g3 Ba6 5. Qa4 c5 6. Bg2 Bb7 7. dxc5 bxc5 8. Nc3 Be7 9. 0-0 0-0 10. Rd1 d6 11. Bf4 Qb6 12. Rd2 Rd8 13. Rad1 a6 14. Ng5 Bxg2 15. Kxg2 e5 16. Be3 Qc6+ 17. Qxc6 Nxc6 18. Nge4 Nxe4 19. Nxe4 Nd4 20. Nc3 Nc6 21. Ne4 Nd4 22. Nc3 Nc6 23. Ne4 Nd4 24. Nc3 Nc6 25. Ne4 Nd4 1/2-1/2

[Event "IND-chB 48th"]
[Site "Bhiwani"]
[Date "2010.09.25"]
[Round "12"]
[White "Prathamesh, Sunil Mokal"]
[Black "Sharma, Dinesh Kumar"]
[Result "1/2-1/2"]
[WhiteElo "2408"]
[BlackElo "2365"]
[PlyCount "51"]
[EventDate "2010.09.16"]
[EventType "swiss"]
[EventRounds "13"]
[EventCountry "IND"]
[SourceTitle "CBM 138 Extra"]
[Source "ChessBase"]
[SourceDate "2010.10.29"]
[SourceVersion "1"]
[SourceVersionDate "2010.10.29"]
[SourceQuality "1"]

1. e4 e5 2. Nf3 Nc6 3. Bb5 a6 4. Ba4 Nf6 5. 0-0 Be7 6. Re1 b5 7. Bb3 d6 8. c3 0-0 9. h3 Bb7 10. d4 Re8 11. Ng5 Rf8 12. Nf3 Re8 13. Ng5 Rf8 14. Nf3 Re8 15. Ng5 Rf8 16. Nf3 Re8 17. Ng5 Rf8 18. Nf3 Re8 19. Ng5 Rf8 20. Nf3 Re8 21. Nbd2 Bf8 22. a4 h6 23. Bc2 exd4 24. cxd4 Nb4 25. Bb1 c5 26. d5 1/2-1/2

[Event "IND-chB 48th"]
[Site "Bhiwani"]
[Date "2010.09.19"]
[Round "5"]
[White "Murali Krishnan, BT."]
[Black "Prathamesh, Sunil Mokal"]
[Result "1/2-1/2"]
[WhiteElo "2391"]
[BlackElo "2408"]
[PlyCount "51"]
[EventDate "2010.09.16"]
[EventType "swiss"]
[EventRounds "13"]
[EventCountry "IND"]
[SourceTitle "CBM 138 Extra"]
[Source "ChessBase"]
[SourceDate "2010.10.29"]
[SourceVersion "1"]
[SourceVersionDate "2010.10.29"]
[SourceQuality "1"]

1. d4 Nf6 2. c4 e6 3. Nf3 b6 4. e3 Bb7 5. Bd3 d5 6. 0-0 Bd6 7. Nc3 0-0 8. Qe2 Nbd7 9. e4 dxe4 10. Nxe4 Nxe4 11. Bxe4 Bxe4 12. Qxe4 Nf6 13. Qe2 c5 14. Rd1 Qc7 15. Bg5 Be7 16. dxc5 bxc5 17. Qe5 Rac8 18. Qxc7 Rxc7 19. Kf1 h6 20. Bh4 Rb7 21. b3 a5 22. Rab1 Ra8 23. a4 Kf8 24. Rd3 Ke8 25. Ke2 Rc8 26. Kd1 1/2-1/2